Catalog

Record Details

Catalog Search



Terezín oder der Führer schenkt den Juden eine Stadt : eine Parabel / Frido Mann

Mann, Frido (Author).

Record details

  • ISBN: 3-89473-641-0
  • Physical Description: 278 S. : Ill., Kt.
  • Publisher: Münster ; Lit, 1994

Available copies

  • 1 of 1 copy available at Common Catalog SPOK.

Holds

  • 0 current holds with 1 total copy.

Other Formats and Editions

Show Only Available Copies
Location Call Number / Copy Notes Barcode Shelving Location Status Due Date
Terezin Initiative Institute 371 4594300371 Knihovna ITI Available -

LDR 00465nam a2200157 4500
00125293
003CZ-PrJAB
00520230222090722.0
008101008s1994 gw ||||gr|||||||||0|ger||
020 . ‡a3-89473-641-0
035 . ‡a(CONS)92
035 . ‡a(CZ PrSKC)PPN544391136
040 . ‡aABE449 ‡bger
1001 . ‡aMann, Frido ‡4aut
24510. ‡aTerezín oder der Führer schenkt den Juden eine Stadt : ‡beine Parabel / ‡cFrido Mann
260 . ‡aMünster ; ‡aHamburg : ‡bLit, ‡c1994
300 . ‡a278 S. : ‡bIll., Kt.
8524 . ‡bJACH-ITI ‡bJACH-ITI ‡cKnihovna ITI ‡j371 ‡p371 ‡y$0.00
910 . ‡aABE340 ‡b371
995 . ‡askok
901 . ‡a25293 ‡bISxN ‡c25293 ‡tbiblio

Additional Resources